| 000 | 01434nac a2200301 a 4500 | ||
|---|---|---|---|
| 003 | CO-PeBPM | ||
| 005 | 20260406194407.0 | ||
| 007 | ta | ||
| 008 | 260406s1973 ck |||| |||| 00| 0 spa d | ||
| 020 | _a8401460131 | ||
| 040 |
_aCO-PeBPM _bspa _cCO-PeBPM _erda |
||
| 082 | 0 | 4 |
_222 _a573.2 M847e |
| 100 | 1 |
_aMorgan, Elaine _eautor |
|
| 245 | 1 | 0 |
_aEva al desnudo _c/ Elaine Morgan; traducción de Marta I. Guastavino |
| 264 |
_aBarcelona, España _b: Plaza y Janes _c, c1973 |
||
| 300 |
_a306 páginas _c18 centimetros |
||
| 336 |
_2rdacontent _atexto _btxt |
||
| 337 |
_2rdamedia _asin mediación _bn |
||
| 338 |
_2rdacarrier _avolumen _bnc |
||
| 490 |
_aManantial _v13 |
||
| 500 | _aIncluye índice al final del texto | ||
| 520 | _a"Eva al desnudo" no es un libro feminista. Pero tampoco masculinita. Elaine Morgan afirma que la evolución y la Historia tienen como protagonista a la pareja humana. Ni la mujer es un juguete decorativo para el entrenamiento del hombre en sus horas de ocio, ni el hombre es un incauto instrumento en manos de un supuesto maquiavelismo femenino. Ambas partes se necesitan recíproca e insustituiblemente, y la historia humana no es más que una consecuencia de tal necesidad. | ||
| 650 | 1 | 7 |
_aEvolución humana _2LEMB |
| 650 | 1 | 7 |
_aMujeres - Evolución _2LEMB |
| 700 | 1 |
_aGuastavino, Marta I. _etraducción |
|
| 942 |
_2ddc _n0 _cBK |
||
| 999 |
_c107299 _d107299 |
||